The automobile revolution : The impact of an industry

Na minha lista:
Detalhes bibliográficos
Formato: Livro
Idioma:Undetermined
Publicado em: Chapel Hill, N.C. University of North Carolina Press 1982
Assuntos:
Tags: Adicionar Tag
Sem tags, seja o primeiro a adicionar uma tag!
Thư viện lưu trữ: Trung tâm Học liệu Trường Đại học Cần Thơ
LEADER 00645nam a2200193Ia 4500
001 CTU_99289
008 210402s9999 xx 000 0 und d
082 |a 303.483 
082 |b A939 
245 4 |a The automobile revolution : 
245 4 |b The impact of an industry 
245 0 |c by Jean-Pierre Bardou ... [et al.] ; translated from the French by James M. Laux 
260 |a Chapel Hill, N.C. 
260 |b University of North Carolina Press 
260 |c 1982 
650 |a Automobiles,Automobile industry and trade 
650 |x Social aspects,History,History 
904 |i Năm 
980 |a Trung tâm Học liệu Trường Đại học Cần Thơ